| 000 | 00669nam a2200205Ia 4500 | ||
|---|---|---|---|
| 003 | OSt | ||
| 005 | 20230524133837.0 | ||
| 008 | 210423s1985 xx 000 0 und d | ||
| 040 | _cAL | ||
| 041 | _aeng | ||
| 082 |
_a338.9 _223 _bKANS |
||
| 100 |
_aKANANAIKIL (Jose),Ed _9112423 |
||
| 245 | _aSeventh plan and development of wlaker sections: questions challenges and alternatives | ||
| 260 |
_aNew Delhi _bIndian Social Institute _c1985 |
||
| 365 |
_b30 _cINR |
||
| 650 |
_aEconomics _9112424 |
||
| 650 |
_aEconomics of Development _9112425 |
||
| 906 | _aalternatives ; challenges ; development ; plan ; questions ; sections: ; Seventh ; wlaker | ||
| 942 |
_2ddc _cBK |
||
| 999 |
_c172814 _d172814 |
||